000 00544cam a22002171 4500
001 sa 68007976
003 DLC
005 20260227112527.0
008 881102s1967 xx 000 0 hino
010 _asa 68007976
035 _a(OCoLC)23546473
040 _aDLC
_cMiU
_dDLC
042 _apremarc
050 0 0 _aPK2057
_b.M52
100 1 _aMiśra, Rājakr̥shṇa,
_d1940-
_ecomp.
245 1 0 _aKhulate sīpa, nikalate moti.
260 _c[1967 or 8]
300 _a67 p.
_bport.
_c19 cm.
500 _aRomanized.
650 0 _aHindi poetry
999 _c82151
_d82151